Essentials of nursing research : (Record no. 24521)
[ view plain ]
| 000 -LEADER | |
|---|---|
| fixed length control field | 01708nam a2200265 a 4500 |
| 005 - DATE AND TIME OF LATEST TRANSACTION | |
| control field | 20140310183526.0 |
| 008 - FIXED-LENGTH DATA ELEMENTS--GENERAL INFORMATION | |
| fixed length control field | 111013s19uu xx 00 eng d |
| 010 ## - LIBRARY OF CONGRESS CONTROL NUMBER | |
| LC control number | 2008047112 |
| 020 ## - INTERNATIONAL STANDARD BOOK NUMBER | |
| International Standard Book Number | 9781609130046 |
| 050 ## - LIBRARY OF CONGRESS CALL NUMBER | |
| Classification number | RT 81.5 |
| Item number | .P63 2010 |
| 100 ## - MAIN ENTRY--PERSONAL NAME | |
| Personal name | Polit, Denise F. |
| 245 ## - TITLE STATEMENT | |
| Title | Essentials of nursing research : |
| Remainder of title | appraising evidence for nursing practice / |
| Statement of responsibility, etc | Denise F. Polit, Cheryl Tatano Beck. |
| 250 ## - EDITION STATEMENT | |
| Edition statement | 7th ed. |
| 260 ## - PUBLICATION, DISTRIBUTION, ETC. (IMPRINT) | |
| Place of publication, distribution, etc | Philadelphia : |
| Name of publisher, distributor, etc | Wolters Kluwer Health/Lippincott Williams & Wilkins, |
| Date of publication, distribution, etc | 2010. |
| 300 ## - PHYSICAL DESCRIPTION | |
| Extent | xiv, 610 p. : |
| Other physical details | col. ill. ; |
| Dimensions | 24 cm. |
| 500 ## - GENERAL NOTE | |
| General note | Includes bibliographical references and index. |
| 520 ## - SUMMARY, ETC. | |
| Summary, etc | Contents: Introduction to nursing research in an evidence-based practice environment -- Evidence-based nursing practice : fundamentals -- Key concepts and steps in qualitative and quantitative research -- Reading and critiquing research reports -- Ethics in research -- Research problems, research questions, and hypotheses -- Literature reviews : finding and reviewing research evidence -- Theoretical and conceptual frameworks -- Quantitative research designs -- Qualitative designs and approaches -- Specific types of research -- Sampling plans -- Data collection methods -- Measurement and data quality -- Statistical analysis of quantitative data -- Rigor and interpretation in quantitative research -- Analysis of qualitative data -- Trustworthiness and integrity in qualitative research -- Systematic reviews : meta-analysis and metasynthesis. |
| 521 ## - TARGET AUDIENCE NOTE | |
| Target audience note | |
| 650 ## - SUBJECT ADDED ENTRY--TOPICAL TERM | |
| Topical term or geographic name as entry element | Nursing |
| General subdivision | Research |
| 650 ## - SUBJECT ADDED ENTRY--TOPICAL TERM | |
| Topical term or geographic name as entry element | Nursing Research |
| 650 ## - SUBJECT ADDED ENTRY--TOPICAL TERM | |
| Topical term or geographic name as entry element | Evidence-Based Nursing |
| 700 ## - ADDED ENTRY--PERSONAL NAME | |
| Personal name | Beck, Cheryl Tatano |
| 942 ## - ADDED ENTRY ELEMENTS (KOHA) | |
| Koha item type | Books |
| Source of classification or shelving scheme | Library of Congress Classification |
| Call number prefix | Foreign |
| Withdrawn status | Lost status | Source of classification or shelving scheme | Damaged status | Home library | Current library | Shelving location | Date acquired | Source of acquisition | Total Checkouts | Full call number | Barcode | Date last seen | Date checked out | Copy number | Price effective from | Koha item type |
|---|---|---|---|---|---|---|---|---|---|---|---|---|---|---|---|---|
| Library of Congress Classification | College Library | College Library | General Circulation Section | 01/13/2014 | Donation | 1 | RT 81.5 .P63 2010 | C12635 | 05/15/2018 | 10/30/2014 | 1 | 01/13/2014 | Books |